000 00413nam a2200169Ia 4500
008 210210b1997 xxu||||| |||| 00| 0 eng d
020 _a0333 92986 1
082 _a635.9 SWAO
100 _aSWARUP (Vishnu).
245 _aOrnamental horticulture.
250 _a
260 _aDelhi.
_bMacmillan India Ltd.
_c1997
300 _ax,462
650 _aHorticulture
690 _aOrchard Crops
906 _a054126
999 _c102401
_d102401